000 00373nam a2200145 i 4500
001 bg
100 1 _aANDRZEJEWSKI, Adam
245 0 _aSytuacja mieszkaniowa w Polsce w latach 1918-1974 /
_cAdam Andrzejewski.
260 _aWarszawa,
_c1977.
040 _cBPK
041 _apol
080 _a333.32:69:728(438)
942 _cKS
008 s pl f |000 0 pol
999 _c17681
_d17681
856 _uhttp://koha.tu.koszalin.pl/cgi-bin/koha/opac-detail.pl?biblionumber=17681
_yKatalog online BPK